00314nam a2200121Ia 4500008004100000040001600041041001200057082001300069100001900082245003900101260003700140300001500177230917s9999||||xx |||||||||||||| ||und|| e21059aMAIN aEnglish a514 H95I aHusain, Taqdir 0aIntroduction to topological groups aPhiladelphiabW B Saundersc1966 axi, 218 p.